Ekonomické důsledky terorizmu
Autor príspevku sa dlhodobo zaoberá problematikou ekonomických dôsledkov katastrof. Globalizovaný terorizmus je od roku 2001 jednou z kategórií katastrof a je ho možné prezentovať ako špecifický problém multikultúrneho sveta. Zvyšujúca sa vzdelanostná úroveň členov, resp. sympatizantov teroristickýc...
Salvato in:
| Autore principale: | |
|---|---|
| Natura: | Capitolo di libro |
| Lingua: | ceco |
| Soggetti: | |
| Tags: |
Nessun Tag, puoi essere il primo ad aggiungerne!!
|
MARC
| LEADER | 00000naa$a2200000$$$4500 | ||
|---|---|---|---|
| 001 | 0092713 | ||
| 005 | 20220408092513.7 | ||
| 041 | 0 | |a cze | |
| 044 | |a SK | ||
| 245 | 1 | 0 | |a Ekonomické důsledky terorizmu |c Jaroslav Slepecký |
| 520 | |a Autor príspevku sa dlhodobo zaoberá problematikou ekonomických dôsledkov katastrof. Globalizovaný terorizmus je od roku 2001 jednou z kategórií katastrof a je ho možné prezentovať ako špecifický problém multikultúrneho sveta. Zvyšujúca sa vzdelanostná úroveň členov, resp. sympatizantov teroristických organizácií a logistického zamezpečenia predikuje do budúcnosti veľké ekonomické straty. | ||
| 610 | 2 | 0 | |a svet |
| 610 | 2 | 0 | |a terorizmus |
| 610 | 2 | 0 | |a hospodárstvo svetové |
| 100 | 1 | |a Slepecký, Jaroslav | |